000 00485nam a2200193 a 4500
001 1771063879541
003 YourLibrary
005 20260214154421.0
008 260214s1981##################000#0#eng##
020 _a9780521059381
082 0 4 _a307.720954
_bGOU
100 1 _aGough, Kathleen,
_eauthor.
245 1 0 _aRural Society In Southeast India :
260 _c1981.
300 _a458 pages
650 0 _aIndia.
942 _cENGLISH
040 _aYourLibrary
_beng
_cYourLibrary
999 _c612452
_d612452